LEADER 00803nam0-22002651i-450- 001 990007776320403321 035 $a000777632 035 $aFED01000777632 035 $a(Aleph)000777632FED01 035 $a000777632 100 $a20021010d--------km-y0itay50------ba 101 0 $aita 200 1 $aNuove garanzie personali e reali$egarantievertrag, fideiussione omnibus, lettere di patronage, sale - lease - back$fRosanna De Nictolis 210 $aPadova$cCEDAM$d1998 215 $a618 p.$d24 cm 225 1 $aEnciclopedia$v11 700 1$aDe Nictolis,$bRosanna$0147554 801 0$aIT$bUNINA$gRICA$2UNIMARC 901 $aBK 912 $a990007776320403321 952 $a19-A-371$b10493$fDDCP 959 $aDDCP 996 $aNuove garanzie personali e reali$9281174 997 $aUNINA DB $aGEN01